000 00312nam a22001457a 4500
020 _a978-812-644-1532
082 _a894.812.3
_bBAL/A
100 _aBALAKRISHNAN C.V
245 _aAYUSSINTE PUSTHAKAM
260 _aKOTTAYAM
_bDC BOOKS
_c2013
300 _a213
520 _aNOVEL
650 _aNOVEL
942 _cBK
999 _c4778
_d4778